000 00751nam a2200217Ii 4500
003 JO-AjNU
008 230605s9999||||xx |||||||||||||| ||und||
017 _a2016/9/4480
040 _aJO-AjNU
_bara
_erda
_cJO-AjNU
041 _aara
050 1 4 _aGV361 2017
100 3 _aالعون، اسماعيل ,
_eauthor
_957679
245 0 0 _aاستراتيجيات تدريس التربيه الرياضيه وادواتها المطوره
250 _aط1
264 3 1 _aعمان:دار شهرزاد، 2017
300 _a156ص
_bببايوجرافيا:129-155
336 _atext
_btxt
_2rdacontent
337 _aunmediated
_bn
_2rdamedia
338 _avolume
_bnc
_2rdacarrier
650 4 _aالتربيه البدنيه-دراسه وتعليم
_957680
999 _aA25862
_c29430
_d29430